Kariérne kompetencie ako prediktory kariérneho úspechu

Definovanie kariérnych kompetencií. Skúmanie vzťahu medzi kariérnymi kompetenciami a kariérnym úspechom. Výskum realizovaný prostredníctvom dotazníka CCI (Career Competencies Indicators). Štatistická analýza výsledkov a preukázanie kariérnych kompetencií ako prediktorov k úspešnému kariérnemu vývinu...

Description complète

Enregistré dans:
Détails bibliographiques
Auteur principal: Magáčová Žilková, Ivana
Format: Chapitre de livre
Langue:slovaque
Sujets:
Tags: Ajouter un tag
Pas de tags, Soyez le premier à ajouter un tag!

MARC

LEADER 00000naa a2200000 4500
001 0256932
005 20190708110722.1
041 0 |a slo 
044 |a CZ 
245 1 0 |a Kariérne kompetencie ako prediktory kariérneho úspechu  |c Ivana Magáčová Žilková 
520 |a Definovanie kariérnych kompetencií. Skúmanie vzťahu medzi kariérnymi kompetenciami a kariérnym úspechom. Výskum realizovaný prostredníctvom dotazníka CCI (Career Competencies Indicators). Štatistická analýza výsledkov a preukázanie kariérnych kompetencií ako prediktorov k úspešnému kariérnemu vývinu. 
610 2 0 |a kariéra 
610 2 0 |a kompetencie 
610 2 0 |a úspech pracovný 
610 2 0 |a poradenstvo kariérové 
610 2 0 |a Slovensko 
610 2 0 |a prieskum 
610 2 0 |a psychológia práce 
610 2 0 |a riadenie ľudských zdrojov 
100 1 |a Magáčová Žilková, Ivana